Appraisal of leisure property (Record no. 15241)

MARC details
000 -LEADER
fixed length control field 00900cab a2200205 4500
001 - CONTROL NUMBER
control field ABS40275
008 - FIXED-LENGTH DATA ELEMENTS--GENERAL INFORMATION
fixed length control field 090401t1989 xxu||||| |||| 00| 0 eng d
035 ## - SYSTEM CONTROL NUMBER
System control number (Sirsi) u22737
041 ## - LANGUAGE CODE
Language code of text/sound track or separate title eng
100 ## - MAIN ENTRY--PERSONAL NAME
Personal name Stapleton, T.
245 ## - TITLE STATEMENT
Title Appraisal of leisure property
260 ## - PUBLICATION, DISTRIBUTION, ETC.
Date of publication, distribution, etc. 1989
350 ## - PRICE (NR) (BK AM CF MU VM SE) [OBSOLETE]
Price 0
490 ## - SERIES STATEMENT
Series statement Estates Gazette
Volume/sequential designation (8904) 28 January 1989, 20-130(3)
520 ## - SUMMARY, ETC.
Summary, etc. Discusses problems associated with the valuation of leisure development s for the property portfolio, as distinct from the equity portfolio, outlining ways in which these can be overcome. The author suggests one solution is to derive a rent within the financial appraisal and which enables leisure property to fit the property investment and funding model. Uses examples to illustrate the major points.
650 ## - SUBJECT ADDED ENTRY--TOPICAL TERM
Topical term or geographic name entry element ASSET VALUATION
690 ## - LOCAL SUBJECT ADDED ENTRY--TOPICAL TERM (OCLC, RLIN)
Topical term or geographic name as entry element PROPERTY LAW AND PRACTICE
942 ## - ADDED ENTRY ELEMENTS (KOHA)
Suppress in OPAC 0
948 ## - LOCAL PROCESSING INFORMATION (OCLC); SERIES PART DESIGNATOR (RLIN)
c (OCLC) 04/03/1997
Holdings
Withdrawn status Lost status Source of classification or shelving scheme Damaged status Not for loan Home library Current library Shelving location Date acquired Total Checkouts Full call number Barcode Date last seen Copy number Price effective from Koha item type
    Dewey Decimal Classification     London London Journal article 14/09/1999   ABS40275 22737-1001 06/08/2019 1 06/08/2019 Journal article